[Event "Bad Breisig op"]
[Site "?"]
[Date "2000.??.??"]
[Round "8"]
[White "Schork, Stefan"]
[Black "Peters, Frank"]
[Result "1/2-1/2"]
[WhiteElo "2199"]
[BlackElo "2070"]
[Annotator "ChessOrg"]
[PlyCount "131"]

1. e4 g6 2. d4 Bg7 3. Nc3 d6 4. f4 c6 5. Nf3 d5 6. e5 h5 7. Bd3 Nh6 8. Ng5 Bg4
9. Ne2 e6 10. O-O Nf5 11. Bxf5 gxf5 12. Qd2 Bxe2 13. Qxe2 Nd7 14. Rf3 Bh6 15.
Rh3 Bxg5 16. fxg5 h4 17. Qf2 Qb6 18. Rxh4 Rxh4 19. Qxh4 O-O-O 20. Qf2 Nf8 21.
b3 Ng6 22. Be3 Rh8 23. g3 Kd7 24. Qd2 Rh7 25. c4 Rh8 26. cxd5 cxd5 27. Rc1 Rc8
28. Rxc8 Kxc8 29. h4 Kd7 30. h5 Ne7 31. Kf2 Ke8 32. Qc3 Qc6 33. Qxc6+ Nxc6 34.
Ke2 Kf8 35. Kd2 b5 36. a3 Kg7 37. Kd3 Na5 38. Bd2 Nc6 39. Bc3 Kh7 40. Ke3 Kg7
41. Kf4 Kh7 42. Ke3 Kg7 43. Kd3 Kh7 44. Bd2 Kg7 45. Be3 Kh7 46. b4 Kg7 47. Ke2
Kh7 48. Kf3 Ne7 49. Kf4 Kg7 50. Bf2 Ng8 51. g4 fxg4 52. Bh4 g3 53. Bxg3 Ne7 54.
Bf2 Nf5 55. Be3 Kh7 56. Bg1 Kg7 57. Bf2 Kh7 58. g6+ fxg6 59. Kg5 Kg7 60. hxg6
Ne7 61. Be1 Nxg6 62. Bg3 Kf7 63. Kh6 Ne7 64. Bf2 Nc8 65. Kg5 Nb6 66. Be3
1/2-1/2

[Event "Bad Breisig op"]
[Site "?"]
[Date "2000.??.??"]
[Round "8"]
[White "Schwertel, Hans"]
[Black "Otto, Klaus"]
[Result "1-0"]
[WhiteElo "2019"]
[BlackElo "1680"]
[Annotator "ChessOrg"]
[PlyCount "39"]

1. f4 f5 2. Nf3 Nf6 3. b3 e6 4. Bb2 d5 5. e3 Bd7 6. c4 Be7 7. Ne5 Nc6 8. cxd5
exd5 9. Bd3 O-O 10. O-O Ne4 11. Nc3 Nxc3 12. Bxc3 Bf6 13. Rc1 Qe7 14. Qc2 Nxe5
15. fxe5 Bxe5 16. Bxe5 Qxe5 17. Qxc7 Qxc7 18. Rxc7 Bc8 19. g4 fxg4 20. Bxh7+
1-0

[Event "Bad Breisig op"]
[Site "?"]
[Date "2000.??.??"]
[Round "8"]
[White "Boidman, Yuri"]
[Black "Boeven, Manfred"]
[Result "1-0"]
[WhiteElo "2422"]
[BlackElo "2122"]
[Annotator "ChessOrg"]
[PlyCount "59"]

1. e4 c5 2. Nf3 e6 3. Nc3 Nc6 4. Bb5 a6 5. Bxc6 bxc6 6. d4 cxd4 7. Qxd4 d5 8.
O-O c5 9. Qd3 d4 10. Ne2 Nf6 11. c3 dxc3 12. Qc4 Be7 13. Nxc3 Bb7 14. Rd1 Qc7
15. e5 Nd7 16. Bf4 O-O 17. Ne4 Nb6 18. Qc2 Bxe4 19. Qxe4 Rfd8 20. h4 Rd5 21.
Rxd5 Nxd5 22. b3 Rd8 23. h5 h6 24. Rc1 Nb4 25. Bd2 Nd3 26. Rd1 Nb2 27. Re1 Nd3
28. Re3 Nxe5 29. Qxe5 Qxe5 30. Rxe5 1-0

[Event "Bad Breisig op"]
[Site "?"]
[Date "2000.??.??"]
[Round "8"]
[White "Moerger, Karl-Heinz"]
[Black "Gruenig, Siegfried"]
[Result "1/2-1/2"]
[WhiteElo "1831"]
[BlackElo "1863"]
[Annotator "ChessOrg"]
[PlyCount "44"]

1. e4 c5 2. Nf3 a6 3. d4 cxd4 4. Nxd4 Nf6 5. Nc3 e5 6. Nb3 Bb4 7. Qd3 d6 8. f3
Be6 9. a3 Bxc3+ 10. Qxc3 Nbd7 11. Qb4 Qc7 12. Bd3 O-O 13. Be3 Rac8 14. Rc1 d5
15. O-O Rfe8 16. f4 exf4 17. Bxf4 Qb6+ 18. Qxb6 Nxb6 19. exd5 Bxd5 20. Bf5 Be6
21. Bxe6 Rxe6 22. Na5 Nc4 1/2-1/2

[Event "Bad Breisig op"]
[Site "?"]
[Date "2000.??.??"]
[Round "8"]
[White "Hahner, Anton"]
[Black "Meyer, Marco"]
[Result "1-0"]
[WhiteElo "1799"]
[BlackElo "1576"]
[Annotator "ChessOrg"]
[PlyCount "83"]

1. Nf3 Nf6 2. d4 g6 3. c4 Bg7 4. Nc3 O-O 5. e4 d6 6. Be2 e5 7. dxe5 dxe5 8. Bg5
Nbd7 9. Qc2 h6 10. Bh4 c6 11. O-O-O Qb6 12. Nd2 a5 13. Na4 Qa7 14. c5 b5 15.
cxb6 Nxb6 16. Nc5 Nfd7 17. Be7 Re8 18. Bd6 Bf8 19. Nxd7 Bxd7 20. Bxf8 Rxf8 21.
Qc5 Qb8 22. Nc4 Nxc4 23. Bxc4 Ra7 24. Rd6 Be6 25. Bxe6 fxe6 26. f3 Rb7 27. Qxe5
Re8 28. Rhd1 Rbe7 29. Qf6 Kh7 30. Rd7 Qb4 31. Qxe6 a4 32. Qd6 Qc4+ 33. Kb1 Qf7
34. Qxc6 Qf4 35. Qxa4 Qxh2 36. Qc2 h5 37. a4 Qe5 38. R1d5 Qh2 39. a5 Qg1+ 40.
Ka2 Qf1 41. Qc5 Rg7 42. Rxh5+ 1-0

[Event "Bad Breisig op"]
[Site "?"]
[Date "2000.??.??"]
[Round "8"]
[White "Mann, Klaus-Dieter"]
[Black "Zoefel, Peter"]
[Result "1/2-1/2"]
[WhiteElo "1916"]
[BlackElo "2091"]
[Annotator "ChessOrg"]
[PlyCount "37"]

1. e4 e5 2. Nf3 Nf6 3. Nxe5 d6 4. Nf3 Nxe4 5. d4 d5 6. Bd3 Bd6 7. O-O Bg4 8. h3
Bh5 9. Re1 f5 10. c3 c6 11. Nbd2 O-O 12. Be2 Nd7 13. Qb3 Qc7 14. Nf1 Bxf3 15.
Bxf3 Kh8 16. c4 dxc4 17. Qxc4 Nef6 18. Bg5 h6 19. Bxf6 1/2-1/2

[Event "Bad Breisig op"]
[Site "?"]
[Date "2000.??.??"]
[Round "8"]
[White "Woeltge, Carsten"]
[Black "Schmidt, Waldemar"]
[Result "0-1"]
[WhiteElo "1933"]
[BlackElo "1946"]
[Annotator "ChessOrg"]
[PlyCount "84"]

1. d4 Nf6 2. Nf3 g6 3. c4 Bg7 4. Nc3 d6 5. e4 O-O 6. Be2 Nc6 7. O-O e5 8. d5
Ne7 9. Ne1 Nd7 10. Be3 f5 11. f3 f4 12. Bf2 g5 13. Rc1 Ng6 14. c5 Nf6 15. cxd6
cxd6 16. Nb5 b6 17. Nc7 Rb8 18. Ne6 Bxe6 19. dxe6 Qe7 20. Rc6 Rfd8 21. Qc2 Ne8
22. Bc4 Rbc8 23. Bd5 Rxc6 24. Qxc6 Nc7 25. Nd3 Nxd5 26. exd5 g4 27. Qc4 Qg5 28.
Be1 h5 29. Nb4 Bf6 30. Nc6 Rc8 31. Qe4 Kg7 32. b4 Rc7 33. a4 Kh6 34. a5 bxa5
35. bxa5 Rb7 36. Nb4 Bd8 37. Nc6 Bf6 38. Qc4 Rb2 39. Qe4 Rxg2+ 40. Kxg2 gxf3+
41. Kxf3 Qg4+ 42. Kf2 Bh4# 0-1

[Event "Bad Breisig op"]
[Site "?"]
[Date "2000.??.??"]
[Round "8"]
[White "Lueker, Horst"]
[Black "Neerforth, Philipp"]
[Result "0-1"]
[WhiteElo "1912"]
[BlackElo "1803"]
[Annotator "ChessOrg"]
[PlyCount "63"]

1. e4 c5 2. Nc3 Nc6 3. g3 Nf6 4. Bg2 e6 5. f4 d5 6. e5 Nd7 7. Nf3 Be7 8. O-O
O-O 9. d3 Rb8 10. Kh1 b5 11. a3 Qc7 12. Re1 b4 13. axb4 Rxb4 14. b3 Rb7 15. Qe2
Nd4 16. Qf2 Nb6 17. Ba3 Nxf3 18. Bxf3 Bd7 19. Rec1 Rbb8 20. Ra2 Rfc8 21. Ne2
Bf8 22. Rca1 Ra8 23. d4 c4 24. Bxf8 Kxf8 25. Ra5 Qb7 26. Qe1 Rc7 27. Qb4+ Ke8
28. Rc5 Rac8 29. bxc4 Nxc4 30. Rxc4 Qxb4 31. Rxb4 Rxc2 32. Rxa7 0-1

[Event "Bad Breisig op"]
[Site "?"]
[Date "2000.??.??"]
[Round "9"]
[White "Schmidt, Waldemar"]
[Black "Boidman, Yuri"]
[Result "1-0"]
[WhiteElo "1946"]
[BlackElo "2422"]
[Annotator "ChessOrg"]
[PlyCount "47"]

1. e4 c5 2. Nf3 e6 3. d4 cxd4 4. Nxd4 Nf6 5. Nc3 Bb4 6. e5 Ne4 7. Qg4 Nxc3 8.
Qxg7 Rf8 9. a3 Qa5 10. Nb3 Qd5 11. Bd3 Be7 12. bxc3 d6 13. Bf4 Nd7 14. c4 Qc6
15. Nd4 Qb6 16. Nb5 dxe5 17. Bxe5 Nxe5 18. Qxe5 Qa5+ 19. Ke2 Bd8 20. Rad1 f6
21. Qh5+ Ke7 22. Qxh7+ Rf7 23. Qg8 a6 24. Bg6 1-0

[Event "Bad Breisig op"]
[Site "?"]
[Date "2000.??.??"]
[Round "8"]
[White "Becher, Helmut"]
[Black "Beckmann, Arne"]
[Result "0-1"]
[WhiteElo "2221"]
[BlackElo "1745"]
[Annotator "ChessOrg"]
[PlyCount "94"]

1. e4 e5 2. Nf3 Nc6 3. Bb5 a6 4. Bxc6 dxc6 5. O-O Bd6 6. d4 Bg4 7. dxe5 Bxf3 8.
Qxf3 Bxe5 9. Rd1 Qe7 10. Qb3 Nf6 11. f4 Bd6 12. Re1 Bc5+ 13. Kf1 O-O-O 14. Qf3
h5 15. h3 h4 16. Be3 Qxe4 17. Qxe4 Nxe4 18. Bxc5 Nxc5 19. Nc3 Rd4 20. Ne2 Re4
21. Kf2 Rhe8 22. Nd4 Rxf4+ 23. Nf3 Rfe4 24. Rxe4 Nxe4+ 25. Ke3 Ng5+ 26. Kf4
Nxf3 27. Kxf3 f5 28. Rd1 g5 29. Rd2 Re6 30. g3 hxg3 31. Kxg3 Re3+ 32. Kg2 a5
33. Rf2 Re5 34. Kf3 Re8 35. Rg2 Rh8 36. Rxg5 Rxh3+ 37. Kg2 Re3 38. Kf2 Re5 39.
Kf3 b6 40. Rg8+ Kb7 41. Rg2 b5 42. Rd2 Re1 43. Kf2 Ra1 44. a3 Rb1 45. c3 Kb6
46. Kf3 Kc5 47. b4+ Kb6 0-1

[Event "Bad Breisig op"]
[Site "?"]
[Date "2000.??.??"]
[Round "8"]
[White "Peters, Paul"]
[Black "Zingler, Max"]
[Result "1/2-1/2"]
[WhiteElo "1900"]
[BlackElo "1994"]
[Annotator "ChessOrg"]
[PlyCount "120"]

1. e4 e6 2. d3 d5 3. Nd2 Nf6 4. g3 dxe4 5. dxe4 Bc5 6. Bg2 Nc6 7. Ngf3 e5 8.
O-O O-O 9. h3 h6 10. Qe2 Be6 11. c3 Qd7 12. Kh2 Rad8 13. Nc4 Bxc4 14. Qxc4 Bb6
15. Qe2 Qd3 16. Qxd3 Rxd3 17. Ne1 Rd1 18. Bf3 Rd6 19. Nc2 Rfd8 20. Ne3 Na5 21.
Kg2 Bxe3 22. Bxe3 Nc4 23. Bc5 Rc6 24. Be7 Rd7 25. Bxf6 Rxf6 26. Rfd1 Rd2 27.
Rxd2 Nxd2 28. Be2 Nxe4 29. f3 Nc5 30. Rd1 Rd6 31. Rxd6 cxd6 32. b3 Kf8 33. Kf2
Ke7 34. Ke3 f5 35. Bd1 Ne6 36. f4 g5 37. fxg5 Nxg5 38. Bc2 Kf6 39. h4 Ne6 40.
a4 d5 41. b4 e4 42. Bd1 Ke5 43. a5 d4+ 44. cxd4+ Nxd4 45. Ba4 Nc6 46. a6 b5 47.
Bxb5 Nxb4 48. Bf1 Nd5+ 49. Kd2 f4 50. gxf4+ Kxf4 51. Bg2 Nf6 52. Ke2 Kg3 53.
Bf1 Kxh4 54. Ke3 Kg3 55. Be2 Kg2 56. Bd1 Kg3 57. Bc2 Ng4+ 58. Kxe4 h5 59. Kf5
Kh4 60. Bd3 Kg3 1/2-1/2